| Tag |
First Indicator |
Second Indicator |
Subfields |
| LEADER |
00000cam a2200000 4500 |
| 001 |
in00000037704 |
| 005 |
20151007080554.0 |
| 008 |
740709c19471946 eng u |
| 010 |
|
|
|a 48000352
|
| 035 |
|
|
|a (OCoLC)00939722
|
| 035 |
|
|
|9 AAF5031AM
|
| 040 |
|
|
|c BCT
|d TXA
|d UtOrBLW
|
| 049 |
|
|
|a TXAM
|c [145678]
|
| 050 |
0 |
0 |
|a DS119
|b .L6 1947
|
| 082 |
0 |
|
|a 956.9
|
| 092 |
|
|
|a 296
|b L815c
|
| 100 |
1 |
|
|a Locker, Berl,
|d 1887-1972.
|
| 245 |
1 |
0 |
|a Covenant everlasting ;
|b Palestine in Jewish history.
|
| 264 |
|
1 |
|a New York :
|b Sharon Books,
|c 1947
|
| 264 |
|
4 |
|c [©1946]
|
| 300 |
|
|
|a 125 pages :
|b maps (on lining-papers) ;
|c 20 cm.
|
| 336 |
|
|
|a text
|b txt
|2 rdacontent
|
| 337 |
|
|
|a unmediated
|b n
|2 rdamedia
|
| 338 |
|
|
|a volume
|b nc
|2 rdacarrier
|
| 500 |
|
|
|a London edition pub. under title: A stiff-necked people.
|
| 504 |
|
|
|a Bibliographical footnotes.
|
| 650 |
2 |
0 |
|a Jews
|x History.
|
| 650 |
|
0 |
|a Jews
|z Palestine.
|
| 999 |
|
|
|a MARS
|
| 999 |
f |
f |
|s af5dc7a8-07b9-3291-aab3-a2db554ed005
|i 18b5f75e-55d2-3f7a-939d-c6caeb05ac27
|t 0
|
| 952 |
f |
f |
|p ric
|a Texas A&M University
|b Rellis Campus
|c Joint Library Facility
|d Remote Storage
|t 0
|e DS119 .L6 1947
|h Library of Congress classification
|i unmediated -- volume
|m A14800629916
|
| 998 |
f |
f |
|a DS119 .L6 1947
|t 0
|l Remote Storage
|